|
|
|
|
| LEADER |
00000nab a2200000 a 4500 |
| 001 |
vtls010102422 |
| 003 |
SK-MaSNL |
| 005 |
20260304194746.0 |
| 008 |
140422c2010 xo ||||||||||||00 b|slo |
| 015 |
|
|
|a SNBRB2010/06
|2 snkbucl
|
| 038 |
|
|
|a SNKBUCL
|
| 040 |
|
|
|a SNKBUCL
|b slo
|c SNKBUCL
|e AACR2
|
| 041 |
0 |
|
|a slo
|
| 044 |
|
|
|a xo
|c SK
|
| 080 |
|
|
|a 792.075
|2 2001
|
| 100 |
1 |
|
|a Polák, Milan,
|d 1932-2022
|4 aut
|9 102381
|
| 245 |
1 |
0 |
|a Prišiel spasiteľ, vykupiteľ, kazateľ a liečiteľ
|c Milan Polák
|
| 600 |
1 |
7 |
|a Šoth, Ondrej,
|d 1960-
|2 snkbucl
|9 106884
|
| 610 |
2 |
7 |
|a Slovenské národné divadlo
|2 snkbucl
|9 32458
|
| 655 |
|
7 |
|a úvahy
|2 snkbucl
|9 29403
|
| 773 |
0 |
|
|t Literárny (dvoj)týždenník
|g Roč. XXIII, č. 13-14 (2010), s. 13
|x 0862-5999
|
| 852 |
|
|
|a SNK
|b KIS3GCP
|
| 958 |
|
|
|a SK
|
| 999 |
|
|
|c 3076559
|d 3078489
|